| 000 | 00000nas 2200000za 4500 |
| 001 | 9.500553 |
| 003 | CaOODSP |
| 005 | 20221107132903 |
| 007 | cr ||||||||||| |
| 008 | 150406c19979999onc x p o||||f0 |0eng|d |
| 022 | |a1713-3351 |
| 040 | |aCaOODSP|beng |
| 041 | |aeng|afre |
| 043 | |an-cn--- |
| 086 | 1 |aYC33-1-PDF |
| 110 | 1 |aCanada. |bParliament. |bSenate. |bSubcommittee on Veterans Affairs. |
| 210 | 0 |aProc. Subcomm. Veterans Aff. |b(Online) |
| 222 | 0|aProceedings of the Subcommittee on Veterans Affairs |b(Online) |
| 245 | 10|aProceedings of the Subcommittee on Veterans Affairs |h[electronic resource] = |bDélibérations du Sous-comité des affaires des anciens combattants. |
| 246 | 11|aDélibérations du Sous-comité des affaires des anciens combattants |
| 260 | |a[Ottawa] : |bSenate of Canada, |c[1997]- |
| 310 | |aIrregular |
| 362 | 1 |a36th Parliament, 1st session, issue no. 1 (Nov. 5/Nov. 25, 1997)-- |
| 515 | |aNumbering begins each session with issue no. 1. |
| 546 | |aText in English and French. |
| 792 | |tProceedings of the Subcommittee on Veterans Affairs |efre|w(CaOODSP)9.500554 |